000 00304nam a22001337a 4500
008 170516b xxu||||| |||| 00| 0 eng d
020 _a9780395627679
041 _aeng
080 _a94/7/8
100 _a16
101 _aSHH
245 _aHISTORY THE UNITED STATES
_cDIBACCO.TH.V
942 _2udc
_cBK
999 _c13359
_d13359